000 00473nam a2200157 i 4500
001 99324
003 ES-MaACL
005 20230906182458.0
007 t|
008 050906s1959 sp ||||1| spa d
100 1 _aMartín Sánchez, Benjamín.
_977643
245 1 0 _aValores eternos
_b: 888 meditaciones breves /
_cBenjamín Martín Sánchez.
260 _aMadrid :
_bApostolado de la Prensa,
_c1959.
300 _a239 p. ;
_c15 cm.
852 _aES-MaACL
_jC-17368
_bR.45286
999 _c99324
_d99324